The independence of nations /

Bibliographic Details
Main Author: Fromkin, David
Format: Book
Language:English
Published: New York, N.Y. : Praeger Publishers, 1981.
Subjects:

MARC

Tag First Indicator Second Indicator Subfields
LEADER 00000cam a22000008a 4500
001 in00000071416
005 20151008062218.0
008 810728s1981 nyu b 00110 eng
010 |a  81012093  
020 |a 0030597773 
020 |a 0030597781 (pbk.) 
035 |a (OCoLC)07731511 
035 |9 AAJ9749AM 
039 0 |a 2  |b 3  |c 3  |d 3  |e 3 
040 |a DLC  |c DLC  |d TXA  |d UtOrBLW 
049 |a TXAM  |c [1803423] 
050 0 0 |a JX1391  |b .F76 
100 1 |a Fromkin, David. 
245 1 4 |a The independence of nations /  |c David Fromkin. 
263 |a 8109 
264 1 |a New York, N.Y. :  |b Praeger Publishers,  |c 1981. 
300 |a xv, 171 pages ;  |c 24 cm. 
336 |a text  |b txt  |2 rdacontent 
337 |a unmediated  |b n  |2 rdamedia 
338 |a volume  |b nc  |2 rdacarrier 
504 |a Includes bibliographical references and index. 
650 0 |a International relations. 
999 |a MARS 
999 f f |s 4425bdcf-5217-3bc5-8e07-148e4de2dc8b  |i a13b6a7a-8221-3833-b695-0cf06b19620f  |t 0 
952 f f |p ric  |a Texas A&M University  |b Rellis Campus  |c Joint Library Facility  |d Remote Storage  |t 0  |e JX1391 .F76  |h Library of Congress classification  |i unmediated -- volume  |m A14806152860 
998 f f |a JX1391 .F76  |t 0  |l Remote Storage